Kluby PKO Ekstraklasy w sezonie 24/25 - Statystyki

Ogólne statystyki
  • Ten quiz został rozwiązany 71 razy
  • Średni wynik to 15 z 18
Statystyki odpowiedzi
Odpowiedź % Poprawnych
Lech Poznań
98%
Legia Warszawa
98%
Lechia Gdańsk
96%
Jagiellonia Białystok
95%
Puszcza Niepołomice
91%
Śląsk Wrocław
91%
Pogoń Szczecin
89%
Raków Częstochowa
89%
Motor Lublin
84%
Widzew Łódź
84%
Zagłębie Lubin
84%
Stal Mielec
82%
GKS Katowice
79%
Piast Gliwice
79%
Cracovia Kraków
77%
Górnik Zabrze
75%
Korona Kielce
74%
Radomiak Radom
74%
Nie znaleziono quizów pasujących do podanych kryteriów
Rozkład punktacji
Procent ludzi z każdym wynikiem
Percentyl według liczby udzielonych odpowiedzi
Twoja historia wyników
Nie rozwiązałeś tego quizu